[Event "Finland Team Ch 09/10"]
[Site "Helsinki FIN"]
[Section "II Division (Group 2)"]
[Date "2010.01.16"]
[Round "4"]
[Board "3"]
[White "Salonen, Ilppo"]
[Black "Joutsivuo, Timo"]
[WhiteElo "1831"]
[BlackElo "1904"]
[Result "0-1"]

1.e4 e6 2.d4 d5 3.Nd2 c5 4.exd5 Qxd5 5.Ngf3 Nc6 6.Bc4 Qh5 7.Nb3 Nf6
8.Bf4 cxd4 9.Nfxd4 Bd7 10.O-O Be7 11.Nxc6 Bxc6 12.Qxh5 Nxh5 13.Be5
(13.Be3) Rc8 14.Na5 (14.Rfe1) Bd7 15.Rad1? (15.Be2 Rxc2 16.Bxh5 Rc5
17.Bxg7 Rg8 18.Bxf7+ Kxf7 19.Bc3 {=}) Rc5 (15...Bb4!) 16.Bc3 b6 17.Be2??
(17.b4 Rc8 18.Rxd7 Kxd7 19.Rd1+ Ke8 20.Nc6 Bf6 21.Bxf6 Nxf6 22.Ba6
Rxc6 23.Bb5 Ke7 24.Bxc6 Rc8 25.b5 {=/+}) Nf4 18.Bf3 bxa5 19.Bxg7 Rg8
20.Bh6 Ng6 (20...Nxg2 21.Bxg2 Bg5) 21.c3 Nh4 22.Rd3 Bb5 0-1

[Event "Finland Team Ch 09/10"]
[Site "Helsinki FIN"]
[Section "II Division (Group 2)"]
[Date "2010.01.16"]
[Round "4"]
[Board "4"]
[White "Wigelius, Pentti"]
[Black "Lehtinen, Tero"]
[WhiteElo "1950"]
[BlackElo "1833"]
[Result "0-1"]

1.e4 e5 2.Nf3 d5 3.d4 dxe4 4.Nxe5 Bd6 5.Nc4 Ne7 6.Be2 O-O 7.O-O Nbc6
8.c3 Ng6 9.Nbd2 f5 10.Nxd6 cxd6 11.d5 Nce5 12.Nc4? (12.f4) f4 13.Nxe5
Nxe5 14.f3 e3 15.Bd3 Qg5 16.Be4 Rf6 17.Qe2 Bd7 18.b3 Raf8 19.c4 Rh6
20.Bb2 Rff6 21.Bxe5 dxe5 (21...Rxh2! {-+}) 22.g4 fxg3 23.f4 gxh2+ 24.Kh1
exf4 25.Bf3 Rfg6 26.Qg2 Qf6 (26...Qh4) 27.Qe2 Rg3 (27...Rg1+!) 28.Rac1
Qg5 29.Bg2 Bg4 30.Qc2 f3 31.Bxf3 Bxf3+ 32.Rxf3 Rg1+ 0-1

[Event "Finland Team Ch 09/10"]
[Site "Helsinki FIN"]
[Section "II Division (Group 2)"]
[Date "2010.01.16"]
[Round "4"]
[Board "5"]
[White "Yukitputi, Tapio"]
[Black "Sobenin, Evgeny"]
[WhiteElo "1746"]
[BlackElo "1954"]
[Result "1/2-1/2"]

1.c4 d6 2.d4 g6 3.g3 Bg7 4.Nf3 Nd7 5.Bg2 e5 6.Nc3 Ne7 7.O-O O-O 8.e4
h6 9.Be3 f5 10.Qd2 Kh7 11.Ne1 (11.dxe5! dxe5 12.Rad1) exd4 12.Bxd4 Ne5
13.b3 N7c6 14.Be3 Ng4 15.Nc2 Nxe3 16.fxe3 Qg5 17.Rad1 Be6 18.exf5 Bxf5
19.Nd5 Rac8 20.Nd4 Nxd4 21.exd4 Qxd2 22.Rxd2 c6 23.Ne7 Rce8 24.Nxf5
Rxf5 25.Rxf5 gxf5 26.Kf2 Kg6 27.d5 c5 28.Re2 Bd4+ 29.Kf3 Rxe2 30.Kxe2
Kg5 31.Kf3 Be5 32.Bf1 b6 33.Bd3 Bc3 34.h4+ Kf6 35.g4 fxg4+ 36.Kxg4 Bd2
37.Kf3 Ke5 38.Ke2 Bf4 39.Kd1 Kf6 40.h5 Ke5 41.Kc2 Kd4 42.Bg6 a5 43.Be8
1/2-1/2

[Event "Finland Team Ch 09/10"]
[Site "Espoo FIN"]
[Section "III Division (Group 3)"]
[Date "2010.01.16"]
[Round "4"]
[Board "1"]
[White "Järvinen, Seppo"]
[Black "Stenman, Olavi"]
[WhiteElo "1775"]
[BlackElo "1807"]
[Result "1/2-1/2"]

1.Nf3 Nf6 2.c4 d6 3.d4 Bg4 4.Nc3 Nbd7 5.h3 Bh5 6.g3 c6 7.Bg2 e5 8.dxe5
dxe5 9.Ng5 Nc5 10.Qxd8+ Rxd8 11.O-O h6 12.Nf3 Bd6 13.Nh4 g5 14.Nf5 Bg6
15.Nxd6+ Rxd6 16.Be3 Nfd7 17.Rad1 Ke7 18.b4 Na6 19.a3 Nc7 20.Ne4 Rxd1
21.Rxd1 Bxe4 22.Bxe4 Rb8 23.Bf5 Ne6 24.a4 Nb6 25.Bxe6 Kxe6 26.Bxb6?
(26.a5) axb6 27.e4 Ra8 28.Ra1 Kd6 29.Kf1 Kc7 30.Ke2 Rd8 31.f3 Rd4
32.Rc1 Kd7 33.Rd1 Kd6 34.Rd3 c5 35.b5 Ke6 36.Rc3 f5 37.exf5+ Kxf5
38.Ke3 h5 39.g4+ 1/2-1/2

[Event "Finland Team Ch 09/10"]
[Site "Espoo FIN"]
[Section "III Division (Group 3)"]
[Date "2010.01.16"]
[Round "4"]
[Board "2"]
[White "Kivinen, Juha"]
[Black "Hämäläinen, Leo"]
[WhiteElo "1592"]
[BlackElo "1759"]
[Result "1-0"]

1.e4 c5 2.Nf3 e6 3.d4 cxd4 4.Nxd4 Nf6 5.Nc3 Bb4 6.Bd3 O-O 7.O-O Nc6
8.Be3 Ne5 9.Nce2 a6 10.h3 d5 11.exd5 Nxd5 12.Bc1 f5 13.c3 Nxd3 14.Qxd3
Bc5 15.Rd1 Qf6 16.Qc4 Ba7 17.Qb3 Kh8 18.Nf3 h6 (18...b5) 19.Nf4 Re8
20.Nxd5 exd5 21.Qxd5 Be6 22.Qxb7 Bc4 23.Qb4 Be2 24.Rd6 Qe7 (24...Qf7
25.Nd4 Bb8) 25.Nd4 Bd3 26.Be3 Rab8 27.Nc6 Rxb4 28.Nxe7 Rxe7 29.cxb4
Bb5 30.Bxa7 Rxa7 31.Rd5 Rf7 32.Rc5 f4 33.Rd1 Be2 34.Rdd5 Rb7 35.a3 f3
36.Rf5 fxg2 37.Kxg2 Rb6 38.Kg3 Rg6+ 39.Kf4 Kh7 40.Rc3 Bf1 41.Rg3 Rd6
42.Rf7 Kh8 43.Rfxg7 Rf6 44.Ke3 Rf8 45.Re7 1-0

[Event "Finland Team Ch 09/10"]
[Site "Espoo FIN"]
[Section "III Division (Group 3)"]
[Date "2010.01.16"]
[Round "4"]
[Board "3"]
[White "Turtiainen, Kimmo"]
[Black "Surakka, Veikko"]
[WhiteElo "1830"]
[BlackElo "1588"]
[Result "1/2-1/2"]

1.d4 Nf6 2.c4 g6 3.Nc3 d5 4.cxd5 Nxd5 5.e4 Nxc3 6.bxc3 Bg7 7.Nf3 c5
8.Bb5+ Bd7 9.Bxd7+ Qxd7 10.O-O O-O 11.Rb1 Rd8 12.Be3 Nc6 13.d5 Ne5
14.Nd2 (14.Bxc5!) b6 15.h3 e6 16.f4 exd5 17.fxe5 Bxe5 18.Nf3 Bxc3
19.Qb3 d4 20.Bg5 (20.Ne5! Qe6 21.Bg5 Rf8 22.Rxf7 {+/-}) Re8 21.Rbd1 Qe6
22.e5 a5 23.Bf6 Qxb3 24.axb3 a4 25.bxa4 Rxa4 26.Ng5 Ra2 27.Rf4 h6
28.Rh4 h5 29.g4 d3 30.Nf3 (30.gxh5! Bxe5 31.hxg6 {+-}) Ra4 31.Rxd3 Ra1+
32.Kg2 Ra2+ 33.Kg3 Ra3 34.e6 Bxf6 35.exf7+ Kxf7 36.Rxa3 Bxh4+ 37.Kxh4
hxg4 38.hxg4 Kf6 39.Ra6 Rh8+ 40.Kg3 Rb8 41.Kf4 Ke6 42.Kg5 Kd5 43.Kxg6
c4 44.Kf7 Ke4 45.Nd2+ Kd3 46.Nb1 (46.Nxc4! Kxc4 47.g5) b5 47.g5 b4
48.Rd6+ Kc2 49.Nd2 c3 50.Nc4 b3 51.Ne3+ Kb1 52.Rd1+ Ka2 53.g6 b2 54.g7
b1=Q 55.Rxb1 Kxb1 56.g8=Q Rxg8 57.Kxg8 Kc1 58.Kf7 Kd2 59.Nc4+ Kd3
60.Na3 1/2-1/2

[Event "Finland Team Ch 09/10"]
[Site "Espoo FIN"]
[Section "III Division (Group 3)"]
[Date "2010.01.16"]
[Round "4"]
[Board "4"]
[White "Söderlund, Lars-Olof"]
[Black "Piippo, Mikko"]
[WhiteElo "1611"]
[BlackElo "1770"]
[Result "0-1"]

1.e4 d5 2.exd5 Qxd5 3.Nc3 Qd6 4.Nf3 Nf6 5.Be2 a6 6.d3 b5 7.Ne4 Nxe4
8.dxe4 Bb7 9.Qxd6 cxd6 10.Bd3 Nd7 11.Be3 g6 12.Bd4 Nf6 13.Bxf6 exf6
14.O-O Bg7 15.c3 O-O 16.Rad1 d5 17.Nd2 Rad8 18.exd5 Bxd5 19.c4 bxc4
20.Bxc4 Bb7 21.b3 f5 22.Nb1 Bf6 23.Na3 Rxd1 24.Rxd1 Rd8 25.Rxd8+ Bxd8
26.Nc2 Be7 27.Ne3 Kf8 28.Nd5 Bd6 29.Nf6 h6 30.h3 Ba3 31.Kf1 a5 32.Nd5
Bb2 33.Ke2 Ke8 34.f3 Kd7 35.Kd3 Kd6 36.Nc3 Ke7 37.a4 Ba3 38.Bd5 Ba6+
39.Nb5 Bxb5+ 40.axb5 Bc5 41.Kc4 Bb6 42.Bxf7 Kxf7 43.Kd5 Ke7 44.Kc6 Be3
45.b6 Kd8 46.b7 Ba7 47.Kd6 Bb8+ 48.Ke6 Bf4 49.Kf6 g5 50.Kxf5 Kc7
51.Kg4 Kxb7 52.g3 Bd6 53.f4 gxf4 54.gxf4 Kb6 55.f5 Kb5 56.Kh5 Bf8
57.Kg6 Kb4 58.Kf7 Bc5 59.Kg6 Kxb3 60.Kxh6 a4 61.f6 a3 62.f7 a2 0-1

[Event "Finland Team Ch 09/10"]
[Site "Espoo FIN"]
[Section "III Division (Group 3)"]
[Date "2010.01.16"]
[Round "4"]
[Board "5"]
[White "Laaksovuori, Tommi"]
[Black "Ritvanen, Kari"]
[WhiteElo "1711"]
[BlackElo "1580"]
[Result "1-0"]

1.e4 c5 2.b3 Nc6 3.Bb2 e6 4.Bb5 Qc7 5.Ne2 a6 6.Bxc6 Qxc6 7.Ng3 h5 8.h4
d5 9.Nxh5 d4 10.d3 e5 11.Nd2 Qg6 12.Ng3 Bg4 13.Nf3 Bd6 14.Qd2 Ne7
15.O-O-O a5 16.a4 b5? (16...Kd7) 17.axb5 Bd7 (17...a4) 18.b6 Bb8 19.b7
Ra7 20.Qg5 Qb6 21.Nxe5 Bxe5 22.Qxe5 Rxb7 23.Ba3 Be6 24.Qxc5 Qd8 25.Nf5
Nxf5? 26.exf5 Rc7 27.Qb5+ Qd7 28.Qxd7+ (28.Qe5!) Bxd7 29.Rde1+ Kd8
30.g4 a4 31.Kb2 Rh6 32.f6 gxf6 33.g5 Rh5 34.Be7+ Kc8 35.Bxf6 a3+
36.Kxa3 Rxc2 37.Rc1 1-0

[Event "Finland Team Ch 09/10"]
[Site "Helsinki FIN"]
[Section "II Division (Group 2)"]
[Date "2010.02.13"]
[Round "5"]
[Board "1"]
[White "Kauppala, Pekka"]
[Black "Kyburz, Stefan"]
[WhiteElo "2159"]
[BlackElo "1983"]
[Result "1-0"]

1.e4 e6 2.d4 d5 3.Nc3 Nf6 4.Bd3 c5 5.Nf3 Nc6 6.exd5 exd5 7.dxc5 Bxc5
8.Bg5 Be6 9.O-O O-O 10.Qd2 Be7 11.h3 a6 12.Rad1 b5 13.Rfe1 Qd6 14.Bf1
Rfd8 15.Bxf6 Bxf6 16.Ne4 Qe7 17.Nxf6+ Qxf6 18.Nd4 Rac8 19.c3 Rd6
20.Qe3 h6 21.Qg3 Bd7 22.Rd3 (22.Nb3) Nxd4 23.Rxd4 Re8 24.Red1 Bc6
25.Qd3 Rde6 26.g3 Re1 27.Rf4 Qe7 28.Rxe1 Qxe1 29.Qf5 f6 30.Qc2 b4
31.c4 Re4 (31...Kh8) 32.cxd5 Bxd5 33.Rxe4 Bxe4 34.Qc4+ Kh7 35.Qxa6 Qb1
36.Qc4 f5 37.a3 bxa3 38.bxa3 Qd1 39.Qe2 Qb3 40.Qe3 Qd1 41.g4 Kg6
42.gxf5+ Kxf5 43.Qe2 Bf3 44.Qd3+ (44.Qe7! Kg6 45.Qe6+ Kh7 46.a4) Kf4
45.a4 (45.Qc3!) Qe1 46.a5 Be4 47.Qe3+ Qxe3 48.fxe3+ Kxe3 49.a6 Kd4
50.Bg2 1-0

[Event "Finland Team Ch 09/10"]
[Site "Helsinki FIN"]
[Section "II Division (Group 2)"]
[Date "2010.02.13"]
[Round "5"]
[Board "2"]
[White "Haggren, Stig-Olof"]
[Black "Heikkinen, Jyrki"]
[WhiteElo "1876"]
[BlackElo "2067"]
[Result "1/2-1/2"]

1.e4 d5 2.exd5 Nf6 3.d4 Bg4 4.f3 Bf5 5.c4 e6 6.dxe6 Bb4+ 7.Bd2 Bxd2+
8.Qxd2 O-O 9.exf7+ Rxf7 10.Bd3 Bxd3 11.Qxd3 c5? (11...Nc6 12.Ne2 Nxd4)
12.d5 Nc6 13.Ne2 Ne5 14.Qc3 Nxc4? 15.Qxc4 Nxd5 16.O-O? Ne3 17.Qb3 Nxf1
18.Kxf1 Qh4 19.h3 Rf8 20.Nd2 Re8 21.Qc4 Qe7 22.Ng3 Qe5 1/2-1/2

[Event "Finland Team Ch 09/10"]
[Site "Helsinki FIN"]
[Section "II Division (Group 2)"]
[Date "2010.02.13"]
[Round "5"]
[Board "3"]
[White "Joutsivuo, Timo"]
[Black "Melanko, Ilkka"]
[WhiteElo "1916"]
[BlackElo "1835"]
[Result "1-0"]

1.e4 d5 2.e5 Bf5 3.d4 e6 4.Nf3 c5 5.c3 Nc6 6.Bd3 Bxd3 7.Qxd3 Qc7 8.O-O
cxd4 9.cxd4 Nge7 10.Nc3 a6 11.a3 Nf5 12.b4 Be7 13.Bf4 (13.Nxd5) h6
14.Nxd5 Qd8 15.Nxe7 Nfxe7 16.Be3 O-O 17.Rad1 Qd5 18.Qe2 Rac8 19.Rc1
Rfd8 20.Rfd1 Qe4 21.Rc4 Nd5 22.Nd2 Qg6 23.f3? (23.Nf3) f5? (23...b5
24.Rc5 Nxd4 25.Bxd4 Rxc5 26.Bxc5 Nc3 27.Qf1 Qc2 {-/+}) 24.exf6 gxf6
25.Ne4 b6 26.Rdc1 f5 27.Nd2 Nde7 28.f4 Rd6 29.Nf3 Rcd8 30.Bf2 b5
31.R4c3 Qe8 32.Bh4 R8d7 33.Bf6 (33.d5! Nd8 34.Ne5) Nd5 34.Rxc6 Nxf6
35.Qe5 Ne4?? (35...Qf8) 36.Rxd6 (36.Rc8! Rd8 37.R1c7 Qg6 (37...Qf8
38.Rxd8 Rxd8 39.Qxe6+ Kh8 40.Ne5 {+-}) 38.Qxd6! Nxd6 39.Rxd8+ Ne8 40.Ne5
Qh5 41.g4 fxg4 42.Re7 {+-}) Rxd6 37.Rc7 Qf8 38.h3 Qf6 39.Qxf6 Nxf6
40.Kf2 Nd5 41.Rc8+ Kg7 42.g3 Nb6 43.Rc7+ Kg8 44.Ne5 Rxd4 45.Rc6 Nd5
46.Rxe6 Rd2+ 47.Kf3 Ra2 48.Rxa6 Nxb4 49.Ra8 (49.Rg6+!) Kg7 50.Ra7+ Kg8
51.g4 fxg4+ 52.hxg4 Nc2 53.Ke4 Rxa3 54.Rb7 b4? (54...Ra4+) 55.f5 Ra4
56.f6 b3+ 57.Kf5 Rb4 58.Rg7+ Kf8 59.Ng6+ Ke8 60.f7+ Kd7 61.f8=Q+ Kc6
62.Ne5+ Kb5 63.Rb7+ Ka6 64.Qa8# 1-0

[Event "Finland Team Ch 09/10"]
[Site "Helsinki FIN"]
[Section "II Division (Group 2)"]
[Date "2010.02.13"]
[Round "5"]
[Board "4"]
[White "Miikkulainen, Jouko"]
[Black "Sobenin, Evgeny"]
[WhiteElo "1819"]
[BlackElo "1947"]
[Result "1/2-1/2"]

1.d4 d6 2.c4 g6 3.Nc3 Bg7 4.e4 e5 5.d5 Ne7 6.h4 h6 7.Be2 f5 8.g4 f4
9.Nh3 a5 10.g5 h5 11.Bd2 Nd7 12.Rc1 Nc5 13.f3 Bd7 14.Nf2 O-O 15.Nd3
1/2-1/2

[Event "Finland Team Ch 09/10"]
[Site "Helsinki FIN"]
[Section "II Division (Group 2)"]
[Date "2010.02.13"]
[Round "5"]
[Board "5"]
[White "Hämäläinen, Leo"]
[Black "Frisk, Ensio"]
[WhiteElo "1734"]
[BlackElo "1686"]
[Result "0-1"]

1.e4 c5 2.Nf3 Nc6 3.Bb5 d6 4.O-O Bd7 5.Nc3 Nf6 6.d4 cxd4 7.Nxd4 g6
8.Kh1 Bg7 9.Nde2 O-O 10.f4 Qb6 11.Ba4 Rac8 12.Nd5 Nxd5 13.exd5 Nb8
14.Bb3 Bb5 15.Rf3 Nd7 16.c3 a5 17.Be3 Nc5 18.Nd4 Bd7 19.Qb1 Qd8 20.Bc2
e6 21.dxe6 fxe6 22.Qe1 e5 23.Nb3 (23.fxe5) Bc6 24.Rf2 Qh4 25.Nxa5 exf4
26.Bxc5 dxc5 27.Bb3+ Kh8 28.Nxc6 Rxc6 29.Rd2 Qf6 30.Qe2 g5 31.Rd7 c4
32.Bxc4 (32.Bc2) f3 33.gxf3 Rxc4 34.Rxb7 Qc6 35.Rf1 Rcf4 36.Qb5 Qxb5
37.Rxb5 g4 38.Rb7 gxf3 39.Rd7 Bf6 40.Rd3 Bh4 41.b4 f2 42.a4 Re8
(42...Rg8) 43.a5 Rc4 44.h3 Rec8 (44...Re1) 45.Kg2 Rxc3 46.Rxc3 Rxc3
47.Rb1 Ra3 48.b5 Rxa5 49.b6 Ra8 50.b7 Rb8 51.Rb4 Be7 52.Rb3 Bc5?
53.Rb1? (53.Rc3! Rg8+ 54.Rg3 {=}) Kg8 54.Kf1 (54.Rc1! {=}) Kf7 55.Rb5 Ba7
56.Rb4 Kg6 57.Rb5 h6 58.h4 Kf6 59.h5 Rg8 60.Ke2 Re8+ 0-1

[Event "Finland Team Ch 09/10"]
[Site "Hanko FIN"]
[Section "III Division (Group 3)"]
[Date "2010.02.13"]
[Round "5"]
[Board "1"]
[White "Järvinen, Seppo"]
[Black "Titovets, Sergei"]
[WhiteElo "1810"]
[BlackElo "1952"]
[Result "0-1"]

1.c4 Nf6 2.Nc3 e6 3.Nf3 d5 4.cxd5 exd5 5.d4 c6 6.Bg5 h6 7.Bxf6 Qxf6
8.e3 Bd6 9.Qc2 Bf5 10.Bd3 Bxd3 11.Qxd3 Qe6 12.h3 Nd7 13.O-O f5 14.Rae1
Nf6 15.Nh4 Ne4 16.Nxe4 (16.Nf3) 16...dxe4 (16...fxe4 17.Qe2 g5) 17.Qe2
O-O 18.g4 g6 (18...fxg4) 19.f4 (19.gxf5) 19...exf3 20.Rxf3?? (20.Qxf3)
20...fxg4 21.Rxf8+ Rxf8 22.Qxg4 Qxg4+ 23.hxg4 Bg3 24.Ng2 Bxe1 25.Nxe1
Kf7 26.Kg2 Ke6 27.Nd3 Kd5 28.Nc5 Rf7 29.Nd3 Ke4 30.Ne5 0-1

[Event "Finland Team Ch 09/10"]
[Site "Hanko FIN"]
[Section "III Division (Group 3)"]
[Date "2010.02.13"]
[Round "5"]
[Board "2"]
[White "Österlund, Magnus"]
[Black "Turtiainen, Kimmo"]
[WhiteElo "1842"]
[BlackElo "1820"]
[Result "1/2-1/2"]

1.e4 e5 2.Nc3 Bc5 3.d3 Ne7 4.g3 Ng6 5.h4 c6 6.Bh3 d6 7.Qf3 Be6
(7...h6) 8.Bxe6 fxe6 9.h5 Rf8?? (9...Nf8) 10.Qg4? (10.hxg6) 10...Qf6
11.f3 Ne7 12.Bg5 Qf7 13.O-O-O Nd7 14.Nge2 O-O-O 15.Kb1 Nf6 16.Qh3 h6
17.Bc1 Kb8 18.f4 Bd4 19.g4 Bxc3 20.Nxc3 exf4 21.Bxf4 e5 22.Be3 Qe6
23.g5 Qxh3 24.Rxh3 Ng4 25.Rg1 Nxe3 26.Rxe3 hxg5 27.Reg3 g6 28.Rxg5
gxh5 29.Rxh5 1/2-1/2

[Event "Finland Team Ch 09/10"]
[Site "Hanko FIN"]
[Section "III Division (Group 3)"]
[Date "2010.02.13"]
[Round "5"]
[Board "3"]
[White "Piippo, Mikko"]
[Black "Lindholm, Kurt"]
[WhiteElo "1780"]
[BlackElo "1666"]
[Result "1/2-1/2"]

1.d4 d5 2.Nf3 Nc6 3.Bf4 Bf5 4.Nh4 e6 5.Nxf5 exf5 6.e3 Bd6 7.Bxd6 Qxd6
8.a3 Nge7 9.Nc3 O-O 10.g3 Rfe8 11.Bg2 a6 12.O-O Nb8 13.Qd3 c6 14.Ne2
Nd7 15.c4 dxc4 16.Qxc4 Nf6 17.Rad1 Ned5 18.Nc3 Nxc3 19.Qxc3 Rad8
20.Qb3 Re7 21.Rfe1 Rde8 22.Qc2 g6 23.Re2 Ne4 24.Rde1 h5 25.f4 Kg7
26.Bf3 Nf6 27.h4 Ng4 28.Bxg4 hxg4 1/2-1/2

[Event "Finland Team Ch 09/10"]
[Site "Hanko FIN"]
[Section "III Division (Group 3)"]
[Date "2010.02.13"]
[Round "5"]
[Board "4"]
[White "Toivanen, Urpo"]
[Black "Siikonen, Timo"]
[WhiteElo "1720"]
[BlackElo "1736"]
[Result "1/2-1/2"]

1.e4 e6 2.d4 d5 3.Nc3 Bb4 4.Bd3 c5 5.a3 Ba5 6.e5 cxd4 7.Bb5+ (7.Qg4
dxc3 8.b4 Ne7) Bd7 8.Bxd7+ Qxd7 9.Qxd4 Nc6 10.Qg4 f6 (10...d4! 11.b4
dxc3 12.bxa5 Nd4 13.Qe4 Qa4 14.Ra2 Qc4 15.a6 Qxa2 16.axb7 Rb8 17.Qxd4
Qxc2) 11.b4 Nxe5 12.Qe2 Bc7 13.Nf3 Ne7 14.Nd4 O-O 15.O-O N7c6 16.Be3
Nxd4 17.Bxd4 Nc6 18.Bc5 Rfe8 19.Rad1 Be5 20.Ne4 b6 21.Be3 Qf7 22.Ng3
Rac8 23.c3 Bxc3 24.f4 f5 25.Qf3 Bf6 26.Nh5 Be7 27.g4 fxg4 28.Qxg4 Qg6
29.h3 Bh4 30.Kh2 Qxg4 31.hxg4 g6 32.Ng3 Bf6 33.Bc1 Ne7 34.Rf2 Rc4
35.Nf1 Rec8 36.Bd2 d4 37.Ng3 Nd5 38.Ne4 Be7 39.f5 exf5 40.gxf5 gxf5?
(40...Nc3 41.Nxc3 dxc3 42.Bc1 c2 43.Rdf1 gxf5 44.Rxf5 Rg4) 41.Rg1+?
(41.Rxf5! d3 42.Rg1 Kh8 43.Ng5 Bxg5 44.Bxg5 h6 45.Rxd5 hxg5 46.Rgxg5
{=}) Kf7 42.Rxf5+ Ke6 43.Rf3 Rc2 44.Kh3 Rf8 45.Rd3 (45.Rd3 Rf4! {-+}
46.Rg4 (46.Rxd4 Rh4+ 47.Kg3 Ke5) (46.Bxf4 Nxf4+) Ke5) 1/2-1/2

[Event "Finland Team Ch 09/10"]
[Site "Hanko FIN"]
[Section "III Division (Group 3)"]
[Date "2010.02.13"]
[Round "5"]
[Board "5"]
[White "Laaksovuori, Tommi"]
[Black "Lindholm, Lars"]
[WhiteElo "1724"]
[BlackElo "1570"]
[Result "1-0"]

1.e4 g6 2.d4 Nf6 3.Nc3 d5 4.e5 Nh5 5.Be2 Nc6 6.Be3 Ng7 7.g4 h5 8.g5
(8.gxh5 Nxh5 9.Bf3) 8...Nf5 9.Bf3 Be6 10.h4 Qd7 11.Qd2 Nxe3 12.fxe3
Nb4 13.a3 Na6 14.Qg2 c6 15.Nge2 Nc7 16.a4 Na6 17.a5 (17.O-O-O)
17...Nb4 18.Nf4 Bf5 19.Rc1 e6 20.O-O Be7 21.Kh2 Rd8 (21...c5) 22.Qf2
Qc7 23.e4 dxe4 24.Nxe4 Nd5 25.Nxd5 exd5 26.Nf6+ Bxf6 27.gxf6 Qd7
(27...Qxa5) 28.Qe3 Bg4 29.Qg5 Qe6 30.Bxg4 hxg4 31.Kg3 c5 32.c3 c4
33.Qxg4 Qa6 34.Rce1 (34.e6! fxe6 35.f7+ Kd7 36.Rce1 Qd6+ 37.Re5 Rh5
38.f8=N+ Rxf8 39.Rxf8 Qxf8 40.Qxe6+ Kc7 41.Qxd5 {+-}) O-O 35.h5 Qe6
36.Qxe6 fxe6 37.hxg6 1-0